<?xml version="1.0" encoding="UTF-8"?>
<record
    xmlns:xsi="http://www.w3.org/2001/XMLSchema-instance"
    xsi:schemaLocation="http://www.loc.gov/MARC21/slim http://www.loc.gov/standards/marcxml/schema/MARC21slim.xsd"
    xmlns="http://www.loc.gov/MARC21/slim">

  <leader>01324nam a2200217   4500</leader>
  <controlfield tag="001">ESSALUD</controlfield>
  <controlfield tag="005">20260630194535.0</controlfield>
  <controlfield tag="007">ta</controlfield>
  <controlfield tag="008">      t        pe ||||| |||| 00| 0 spa d</controlfield>
  <datafield tag="040" ind1=" " ind2=" ">
    <subfield code="a">BMG</subfield>
  </datafield>
  <datafield tag="041" ind1=" " ind2=" ">
    <subfield code="a">spa</subfield>
  </datafield>
  <datafield tag="100" ind1=" " ind2=" ">
    <subfield code="a">Tribunal Constitucional</subfield>
    <subfield code="e">Autor</subfield>
    <subfield code="9">53009</subfield>
  </datafield>
  <datafield tag="245" ind1=" " ind2=" ">
    <subfield code="a">Ocultar al hijo quienes son sus padres gen&#xE9;ticos es una clara vulneraci&#xF3;n de su identidad biol&#xF3;gica</subfield>
  </datafield>
  <datafield tag="300" ind1=" " ind2=" ">
    <subfield code="a">p&#xE1;ginas 164-191</subfield>
  </datafield>
  <datafield tag="520" ind1=" " ind2=" ">
    <subfield code="a">El derecho a la identidad biol&#xF3;gica o el derecho a conocer su origen biol&#xF3;gico, es un derecho humano fundamental del menor y de cualquier persona, indistintamente de la edad que tenga, que busca conocer y saber sus ra&#xED;ces dadas por la naturaleza, y que debe estar por encima de los intereses de las personas que intervinieron para traerlo al mundo. Todo intento de ocultar la identidad de los padres gen&#xE9;ticos podr&#xED;a ser una clara vulneraci&#xF3;n del derecho del hijo a la identidad biol&#xF3;gica; a&#xFA;n m&#xE1;s, el desconocimiento de esa verdad podr&#xED;a implicar un da&#xF1;o a su identidad</subfield>
  </datafield>
  <datafield tag="650" ind1=" " ind2=" ">
    <subfield code="a">DERECHO A LA IDENTIDAD</subfield>
    <subfield code="9">52968</subfield>
  </datafield>
  <datafield tag="650" ind1=" " ind2=" ">
    <subfield code="a">IDENTIDAD BIOL&#xD3;GICA</subfield>
    <subfield code="9">53013</subfield>
  </datafield>
  <datafield tag="650" ind1=" " ind2=" ">
    <subfield code="a">DERECHOS HUMANOS</subfield>
    <subfield code="9">478</subfield>
  </datafield>
  <datafield tag="773" ind1="0" ind2=" ">
    <subfield code="0">22573</subfield>
    <subfield code="9">22620</subfield>
    <subfield code="d">Lima Grupo Praxis Formaci&#xF3;n Profesional, 2026-</subfield>
    <subfield code="o">PRA001</subfield>
    <subfield code="t">Praxis Civil &amp; Procesal Civil</subfield>
    <subfield code="w">ESSALUD</subfield>
    <subfield code="x">3119-7671</subfield>
  </datafield>
  <datafield tag="942" ind1=" " ind2=" ">
    <subfield code="c">ARTICULOS</subfield>
    <subfield code="e">2026-06-30</subfield>
    <subfield code="z">sqb</subfield>
  </datafield>
  <datafield tag="999" ind1=" " ind2=" ">
    <subfield code="c">22588</subfield>
    <subfield code="d">22588</subfield>
  </datafield>
</record>
